00727 2200265 4500001002100000005001500021020001800036035002400054040001200078082002100090084002100111090002500132100001200157245008000169250001100249260003900260300003400299504003100333650002600364700001100390850001200401990001600413990001600429990001600445YOGYA00000000009921920140823123559 a979-9838-22-2 0010-101300000000100 aYOPDYOG 2[22]a901.095982 a901.095982 Pur J aNUS 901.095982 Pur J aPURWADI aJongko JoyoboyobJongko jangkah jangkaning jamancPurwadi ; editor, Danuri. aCet.1. aYogyakartabGelombang Pasangc2006 axii, 342 hlm.c21 cm (3 eks.) aBibliografi : hlm. 317-333 aSejarah-filsafat-Jawa aDanuri aYOPDYOG a0175/B.2013 a0176/B.2013 a0177/B.2013